A.B.C. de la psychologie freudienne

Salvato in:
Dettagli Bibliografici
Autore principale: Hall, Calvin S (Autore)
Natura: Libro
Lingua:francese
Pubblicazione: París Editions Aubier 1957
Soggetti:
Tags: Aggiungi Tag
Nessun Tag, puoi essere il primo ad aggiungerne!!

MARC

LEADER 00000cam a2200000 a 4500
001 UCF8616
003 CL-VaPUC
008 130930e19570000fr |||||||||||||||||fre|d
082 0 4 |a 150.1952  |b HAL  |2 21 
100 |a Hall, Calvin S  |e author  |9 570729 
245 1 0 |a A.B.C. de la psychologie freudienne 
300 |a 172 p 
942 |c BK 
945 |d 20130930 13:19:00  |a dcastane 
260 |a París  |b Editions Aubier  |c 1957 
600 0 |a Freud, Sigmund  |e author   |9 307892 
650 7 |a PSICOLOGIA FREUDIANA  |2 CL-VaPUC  |9 390770 
650 0 |a Psicoanálisis   |9 265702 
650 7 |a ESCUELAS DE PSICOLOGIA  |2 CL-VaPUC  |9 334607 
583 |a last modification  |c 20180912 06:07:07  |k Rodrigo Vera 
999 |c 353183  |d 353181 
952 |0 0  |1 0  |3 erb  |4 0  |6 150_195200000000000_HAL_1957  |7 0  |8 P  |9 458261  |a BIBEDU  |b BIBEDU  |c BIBEDU_PB  |d 2019-11-23  |i 5002575  |o 150.1952 HAL 1957  |p 5002575  |r 2024-01-25  |w 2019-11-23  |y BK  |z Catalogado en:20130930  |k PSI